Hypixel Minigames - Statistics

General Stats
  • This quiz has been taken 169 times
  • The average score is 23 of 49
Answer Stats
Type Minigame % Correct
Standalone Bed Wars
94%
Standalone SkyWars
91%
Prototype Skyblock
87%
TNT Games TNT Run
82%
TNT Games TNT Tag
74%
Standalone Murder Mystery
67%
Arcade Party Games
66%
Seasonal Games {Grinch} Simulator
65%
Standalone Duels
63%
TNT Games Bow Spleef
62%
Standalone Build Battle
59%
Arcade Zombies
57%
Seasonal Games {Easter} Simulator
54%
Classic Games Turbo Kart Racers
54%
Standalone The Hypixel Pit
52%
Arcade Mini Walls
50%
Standalone Mega Walls
48%
TNT Games PVP Run
48%
Classic Games VampireZ
48%
Arcade Hypixel Says
46%
Classic Games The Walls
46%
Standalone Warlords
46%
Arcade Football
45%
Classic Games Quakecraft
45%
Standalone Cops And Crims
43%
Arcade Hide And Seek
43%
TNT Games TNT Wizards
43%
Prototype Capture The Wool
42%
Seasonal Games {Santa} Simulator
41%
Sandalone Housing
40%
Standalone Blitz SG
38%
Arcade Ender Spleef
37%
Arcade Hole in the Wall
35%
Removed Games Skyclash
35%
Arcade The Blocking Dead
35%
Standalone Smash Heroes
34%
Removed Games Crazy Walls
32%
Arcade Pixel Painters
32%
Arcade Dragon Wars
31%
Arcade Farm Hunt
31%
Seasonal Games {Scuba} Simulator
31%
Standalone UHC Champions
30%
Classic Games Arena Brawl
29%
Prototype TowerWars
27%
Arcade Bounty Hunters
26%
Arcade Creeper Attack
24%
Arcade Galaxy Wars
24%
Classic Games Paintball Warfare
22%
Seasonal Games Santa Says
18%
No matching quizzes found
Score Distribution
Percent of People with Each Score
Percentile by Number Answered
Your Score History
You have not taken this quiz